[Event "Preferente"]
[Site ""]
[Date "????.??.??"]
[Round "1.1"]
[White "ANTOÑANO Avelino"]
[Black "ROMÓN Raúl"]
[Result "1-0"]
[WhiteElo "1970"]
[BlackElo "2362"]

1.e4 c5 2.Nf3 Nc6 3.d4 cxd4 4.Nxd4 Nf6 5.Nc3 e5 6.Ndb5 d6 7.a4 a6 8.Na3 Bg4 9.
f3 Be6 10.Be3 Nb4 11.Bc4 Rc8 12.Nd5 Nbxd5 13.exd5 Bxd5 14.Bxd5 Qa5+ 15.c3 Qxd5
16.Qxd5 Nxd5 17.Bf2 Nf4 18.O-O Be7 19.Rad1 O-O 20.Be3 Ne6 21.f4 e4 22.Nc2 Nc5
23.Bxc5 Rxc5 24.Nd4 f5 25.Ne6 Rc4 26.Nxf8 Kxf8 27.Rd4 Rc6 28.Rfd1 Kf7 29.Rd5
Ke6 30.Kf2 Rb6 31.R1d2 g5 32.g3 Rc6 33.Ke3 Rc4 34.R2d4 Rc6 35.g4 gxf4+ 36.Kxf4
fxg4 37.Rh5 d5 38.Rdxd5 Rc4 39.Rd4 Rc7 40.Rxe4+ Kf6 41.Kxg4 Kg6 42.Rhe5 Bf6
43.Re6 h5+ 44.Kf3 Kf5 45.Rb6 Bg5 46.Reb4 Rd7 47.Rd4 Rxd4 48.cxd4 h4 49.Rxb7
Bd2 50.b4 Bc3 51.b5 axb5 52.Rxb5+ Ke6 53.Ke4 Kd6 54.Rh5 Be1 55.Rh6+ Kc7 56.Kd5
Kb7 57.Ke6 Bf2 58.d5 Be3 59.Rxh4 Bg5 60.Rc4 1-0

[Event "Preferente"]
[Site ""]
[Date "????.??.??"]
[Round "1.2"]
[White "ROCHE Manuel Ángel"]
[Black "TORCAL Óscar"]
[Result "0-1"]
[WhiteElo "2134"]
[BlackElo "1969"]

1.e4 c5 2.Nf3 d6 3.d4 cxd4 4.Nxd4 Nf6 5.Nc3 g6 6.Be3 Bg7 7.f3 O-O 8.Qd2 Nc6 9.
g4 Be6 10.O-O-O Ne5 11.Bh6 Rc8 12.Bxg7 Kxg7 13.h4 Qa5 14.h5 Rxc3 15.Qxc3 Qxc3
16.bxc3 Bxa2 17.Kb2 Be6 18.hxg6 hxg6 19.Rd2 Rc8 20.Rdh2 g5 21.Be2 Ng6 22.Nf5+
Bxf5 23.gxf5 Nf4 24.Bf1 Rg8 25.Bc4 Kf8 26.Rh8 Nd7 27.Rxg8+ Kxg8 28.Rg1 Kf8 29.
Rxg5 Ne5 30.Kb3 Nxf3 31.Rg4 Nh5 32.Bd3 Nf6 33.Rg3 Nd2+ 34.Kb2 Ndxe4 0-1

[Event "Preferente"]
[Site ""]
[Date "????.??.??"]
[Round "1.3"]
[White "MARTÍN Roberto"]
[Black "ECHARTE Óscar"]
[Result "1/2-1/2"]
[WhiteElo "1967"]
[BlackElo "2131"]

1.d4 Nf6 2.Nf3 e6 3.g3 b5 4.Bg2 Bb7 5.O-O c5 6.c3 Be7 7.a4 b4 8.dxc5 Bxc5 9.a5
O-O 10.Bg5 h6 11.cxb4 Bxb4 12.Bd2 Na6 13.Bxb4 Nxb4 14.Qb3 Rb8 15.Qxb4 Bxf3 16.
Qd2 Bxg2 17.Kxg2 Ne4 18.Qe3 d5 19.Nc3 Nd6 20.Qxa7 Rxb2 21.Rfb1 Rxb1 22.Rxb1
Qa8 23.Qxa8 Rxa8 24.Ra1 Ra6 25.Ra4 Kf8 26.e4 dxe4 27.Nxe4 Nxe4 28.Rxe4 Rxa5
29.Rb4 Ke7 30.Rb7+ Kf6 31.Rc7 g5 32.Rb7 g4 33.h3 h5 34.hxg4 hxg4 35.Rb4 Kg5
36.Rb7 f5 37.Rg7+ Kf6 38.Rb7 Ke5 39.Rb8 Rd5 40.Ra8 Ke4 41.Ra4+ Rd4 42.Ra6 e5
43.Ra8 Rb4 44.Ra7 Rc4 45.Ra8 Rc2 46.Ra4+ Kd3 47.Ra3+ Kd4 48.Ra4+ Rc4 49.Ra8
Rc5 50.Ra4+ Kd5 51.Ra8 e4 52.Rd8+ Kc4 53.Kf1 Rd5 54.Ra8 Kd3 55.Ra3+ Kd4 56.Ke2
Rb5 57.Ra4+ Ke5 58.Ra8 1/2-1/2

[Event "Preferente"]
[Site ""]
[Date "????.??.??"]
[Round "1.4"]
[White "CARRUEZ Santiago"]
[Black "LACRUZ Álvaro"]
[Result "1-0"]
[WhiteElo "2082"]
[BlackElo "1959"]

1.Nf3 Nf6 2.g3 d5 3.Bg2 e6 4.O-O Be7 5.c4 O-O 6.b3 c5 7.Bb2 Nc6 8.cxd5 exd5 9.
d4 b6 10.Nc3 Ba6 11.Re1 Rc8 12.Rc1 Re8 13.a3 Bf8 14.e3 Ne4 15.Ne5 Nxc3 16.Bxc3
Nxe5 17.dxe5 d4 18.exd4 cxd4 19.Qxd4 Qxd4 20.Bxd4 Bxa3 21.Rxc8 Rxc8 22.Ra1
Rc1+ 23.Rxc1 Bxc1 24.Bd5 Kf8 25.f4 Ba3 26.Kf2 Bc8 27.Ke3 Bb4 28.Ke4 g6 29.Bc4
Be6 30.Bxe6 fxe6 31.g4 Ke7 32.f5 exf5+ 33.gxf5 gxf5+ 34.Kxf5 Bd2 35.Bf2 Bc3
36.h3 Bd2 37.Bh4+ Ke8 38.Bf2 Ke7 39.Bd4 Bc1 40.b4 a6 41.Bxb6 Bd2 42.Bc5+ Kf7
43.e6+ Ke8 44.Bd6 Bc3 45.Kg5 Bd2+ 46.Kf5 Bc3 47.Ke4 Be1 48.Kd5 Bh4 49.Kc6 Bd8
50.Bc5 a5 51.b5 1-0

[Event "Preferente"]
[Site ""]
[Date "????.??.??"]
[Round "1.5"]
[White "PALOMAR Santiago"]
[Black "MARTÍNEZ Juan Miguel"]
[Result "1-0"]
[WhiteElo "1957"]
[BlackElo "2080"]

1.e4 c5 2.Nf3 g6 3.d4 cxd4 4.Nxd4 Nc6 5.Nc3 Bg7 6.Be3 Nf6 7.Qd2 Ng4 8.Nxc6
bxc6 9.Bd4 Bxd4 10.Qxd4 e5 11.Qd6 Qe7 12.Qxe7+ Kxe7 13.Be2 Nf6 14.Rd1 Rb8 15.
b3 Rb4 16.a3 Rd4 17.O-O Rxd1 18.Rxd1 d6 19.h3 Be6 20.Bf3 Rd8 21.Na4 Nd7 22.Kf1
Nb6 23.Nxb6 axb6 24.a4 Ra8 25.Ra1 c5 26.Be2 f5 27.f3 fxe4 28.fxe4 g5 29.Bb5 h5
30.Bc6 Rc8 31.Bd5 h4 32.Ke2 Bd7 33.c3 g4 34.hxg4 Bxg4+ 35.Ke3 Be6 36.Rh1 Bxd5
37.exd5 Rg8 38.Rxh4 Rg3+ 39.Ke4 Rxc3 40.Kf5 Rxb3 41.Rh7+ Kd8 42.Ke6 Rg3 43.
Kxd6 Rg6+ 44.Kxe5 Rg5+ 45.Ke6 Rg6+ 46.Kf5 Rxg2 47.Rb7 Ra2 48.d6 Rxa4 49.Ke6
1-0

[Event "Preferente"]
[Site ""]
[Date "????.??.??"]
[Round "1.6"]
[White "FERNÁNDEZ Rafael"]
[Black "MUÑOZ Luis Alberto"]
[Result "0-1"]
[WhiteElo "2070"]
[BlackElo "1951"]

1.f4 d5 2.Nf3 d4 3.c3 c5 4.cxd4 cxd4 5.Qa4+ Nc6 6.e3 dxe3 7.dxe3 Nf6 8.Ne5 Bd7
9.Nxd7 Qxd7 10.Bb5 Rc8 11.Nc3 a6 12.Be2 e6 13.O-O Bc5 14.Kh1 O-O 15.a3 Ne7 16.
Qc2 Ned5 17.e4 Nxc3 18.bxc3 Rfd8 19.f5 e5 20.g4 Qc6 21.Bf3 Bd4 22.g5 Ne8 23.g6
Qxc3 24.gxf7+ Kxf7 25.Qa2+ Qc4 26.Qxc4+ Rxc4 27.Rb1 b5 28.Bd1 Rc7 29.Bb3+ Kf6
30.h4 h6 31.Bd2 Bb6 32.Be1 Rd3 33.Kg2 Nd6 34.h5 Nxe4 35.Bh4+ Ng5 36.a4 Rcc3
37.Bd1 Rd2+ 38.Bf2 Ne4 39.axb5 Bxf2 40.Bf3 Bd4+ 41.Kh3 Ng5+ 42.Kg4 Nxf3 43.b6
Nh2+ 44.Kh4 Bxb6 45.Rxb6+ Ke7 46.f6+ gxf6 0-1

[Event "Preferente"]
[Site ""]
[Date "????.??.??"]
[Round "1.7"]
[White "GASPAR Luis Alberto"]
[Black "GINÉS Pedro"]
[Result "1/2-1/2"]
[WhiteElo "1944"]
[BlackElo "2040"]

1.e4 d5 2.exd5 Qxd5 3.Nc3 Qd8 4.g3 g6 5.Bg2 Bg7 6.Nge2 Nh6 7.O-O O-O 8.d3 e5
9.f4 Nd7 10.h3 c6 11.Rb1 Nf5 12.b4 Qb6+ 13.Kh2 Ne3 14.Bxe3 Qxe3 15.f5 gxf5 16.
Rxf5 Nf6 17.Rf3 Qh6 18.b5 Bg4 19.Rf2 Bxh3 20.Rxf6 Qxf6 21.Bxh3 Qf2+ 22.Bg2 f5
23.Qf1 Qc5 24.bxc6 bxc6 25.Qg1 Qd6 26.Qf2 e4 27.dxe4 Qh6+ 28.Kg1 fxe4 29.Qc5
Rad8 30.Qc4+ Kh8 31.Nxe4 Qe3+ 32.Kh2 Rd5 33.g4 Be5+ 34.N4g3 Rf2 35.Rb3 Qxe2
36.Qxe2 Rxe2 37.Kh3 Rdd2 38.Nxe2 Rxe2 39.Ra3 Rxc2 40.Rxa7 Rc3+ 41.Kh4 Bg3+ 42.
Kh5 Bf2 43.Rf7 Rc5+ 44.Rf5 1/2-1/2

[Event "Preferente"]
[Site ""]
[Date "????.??.??"]
[Round "1.8"]
[White "SÁNCHEZ Roberto"]
[Black "SARTO Ángel"]
[Result "1/2-1/2"]
[WhiteElo "2030"]
[BlackElo "1942"]

1.e4 g6 2.d4 c6 3.Nc3 d5 4.h3 dxe4 5.Nxe4 Nd7 6.Nf3 Ngf6 7.Ng3 Bg7 8.Be2 Qc7
9.O-O O-O 10.Re1 b6 11.Bf1 e6 12.c4 Bb7 13.Be3 Rfd8 14.Qe2 c5 15.Rac1 cxd4 16.
Bxd4 Rac8 17.b3 Nc5 18.Be5 Qe7 19.Nd4 Nfe4 20.Bxg7 Kxg7 21.Nxe4 Nxe4 22.Rcd1
Qf6 23.Qe3 h5 24.Ne2 Rxd1 25.Rxd1 Rd8 26.Rxd8 Qxd8 27.f3 Qd2 28.Qd4+ Qxd4+ 29.
Nxd4 Nc3 30.a3 e5 31.Nc2 f5 32.h4 Kf6 33.Kf2 f4 34.Ke1 e4 35.Kd2 exf3 36.gxf3
Nb1+ 37.Kc1 Nc3 38.Kd2 Nb1+ 39.Kc1 Nc3 40.Kd2 1/2-1/2

[Event "Preferente"]
[Site ""]
[Date "????.??.??"]
[Round "1.9"]
[White "SOLERA Roberto"]
[Black "CHUECA Javier"]
[Result "0-1"]
[WhiteElo "1919"]
[BlackElo "2029"]

1.d4 d5 2.c4 e6 3.Nc3 c6 4.cxd5 exd5 5.Nf3 Bf5 6.Qb3 Qb6 7.Qxb6 axb6 8.Bf4 Bb4
9.a3 Bxc3+ 10.bxc3 Nf6 11.e3 b5 12.Nh4 Be6 13.Bd3 Nbd7 14.O-O Nb6 15.Nf5 Bxf5
16.Bxf5 Nc4 17.e4 dxe4 18.Rfe1 O-O 19.Bxe4 Nxe4 20.Rxe4 Nxa3 21.h3 Nc4 22.Rxa8
Rxa8 23.Re7 f6 24.Rxb7 g5 25.Bg3 Ra1+ 26.Kh2 Nd2 27.Bd6 Nf1+ 28.Kg1 h5 29.f4
Ng3+ 30.Kf2 Ne4+ 31.Ke3 Nxd6 32.Rb8+ Kf7 33.fxg5 fxg5 34.Rh8 h4 35.Rh5 Re1+
36.Kd2 Rg1 0-1

[Event "Preferente"]
[Site ""]
[Date "????.??.??"]
[Round "1.10"]
[White "FABRE José María"]
[Black "BAQUEDANO Pablo"]
[Result "1/2-1/2"]
[WhiteElo "2027"]
[BlackElo "1911"]

1.e4 c5 2.d4 cxd4 3.c3 dxc3 4.Nxc3 Nc6 5.Nf3 e6 6.Bc4 Bb4 7.O-O Nge7 8.Bg5 O-O
9.Rc1 a6 10.Qe2 Qa5 11.a3 Bxc3 12.Rxc3 Nd4 13.Qe3 Nxf3+ 14.gxf3 f6 15.Bf4 Nc6
16.Bd6 Re8 17.f4 Kh8 18.Kh1 Qh5 19.Rg1 f5 20.Qg3 Rg8 21.Qg2 fxe4 22.Rh3 Qf5
23.Be2 b5 24.Rh5 Qf6 25.Qh3 h6 26.Rc5 Kh7 27.Bh5 g6 28.Be5 Nxe5 29.fxe5 Qf5
30.Bg4 Qf4 31.Rgc1 e3 32.Bf3 Rb8 33.fxe3 Qxe3 34.Qg2 Rf8 35.Be4 Qxe4 36.Qxe4
Bb7 37.Rc6 Bxc6 38.Rxc6 dxc6 39.Qxc6 Rf1+ 40.Kg2 Rbf8 41.Qd7+ R8f7 42.Qxe6
R1f2+ 43.Kg1 Rf1+ 44.Kg2 R7f2+ 45.Kg3 Rf3+ 46.Kg2 R1f2+ 47.Kg1 Rf1+ 48.Kg2
R3f2+ 49.Kg3 Rf3+ 50.Kg2 R1f2+ 51.Kg1 Rf1+ 1/2-1/2

[Event "Preferente"]
[Site ""]
[Date "????.??.??"]
[Round "1.11"]
[White "ÁLVAREZ Miguel Ángel"]
[Black "PALACIOS Pablo"]
[Result "0-1"]
[WhiteElo "1907"]
[BlackElo "2021"]

1.c4 f5 2.g3 Nf6 3.Bg2 g6 4.Nc3 Bg7 5.d4 d6 6.Nf3 O-O 7.O-O Qe8 8.Nb5 Na6 9.d5
c6 10.dxc6 bxc6 11.Nc3 Rb8 12.Nd4 Bd7 13.Rb1 Nc5 14.e3 Nce4 15.Nxe4 Nxe4 16.f3
Nc3 17.Qc2 Nxb1 18.Qxb1 a5 19.b3 a4 20.Qd3 axb3 21.axb3 Qc8 22.f4 Qa6 23.Re1
Qb6 24.Bb2 c5 25.Bd5+ Kh8 26.Ba1 cxd4 0-1

[Event "Preferente"]
[Site ""]
[Date "????.??.??"]
[Round "1.12"]
[White "LÓPEZ Fernando"]
[Black "ROQUE Gisela"]
[Result "1/2-1/2"]
[WhiteElo "2020"]
[BlackElo "1901"]

1.e4 e6 2.d4 d5 3.Nd2 c5 4.c3 Nc6 5.Ngf3 cxd4 6.cxd4 dxe4 7.Nxe4 Nge7 8.Ng3 g6
9.Be2 Bg7 10.Be3 Qa5+ 11.Bd2 Qd5 12.Be3 O-O 13.Qa4 Rd8 14.Rd1 a6 15.Bc4 Qd7
16.O-O b6 17.d5 exd5 18.Bxb6 Ne5 19.Bb5 Nxf3+ 20.gxf3 axb5 21.Qxa8 Re8 22.Rfe1
Bxb2 23.Re2 Bc3 24.Ne4 Be5 25.Ng3 Bd6 26.Ne4 dxe4 27.Red2 Bb7 28.Rxd6 Bxa8 29.
Rxd7 Nc6 30.fxe4 Kg7 31.f3 h5 32.Rb1 b4 33.Kf2 Kf6 34.Bc5 Ke6 35.Rd6+ Ke5 36.
Rd7 Ke6 37.Rd6+ Ke5 38.Rbd1 Na5 39.R1d5+ Bxd5 40.Rxd5+ Ke6 41.Bxb4 Nc4 42.Rc5
Ne5 43.Ke3 Rd8 44.a4 Rd3+ 45.Ke2 Rb3 46.Bc3 Nd7 47.Rc8 Nb6 48.Rb8 Rxc3 49.
Rxb6+ Ke7 50.Rb2 Ra3 51.Rb7+ Kf8 52.Ra7 Ra2+ 53.Ke3 Rxh2 54.Kf4 Ra2 55.e5 Ra3
56.Ke4 h4 57.Kf4 h3 58.Kg3 h2 59.Kxh2 Rxf3 60.Kg2 Re3 61.Ra5 Ke7 62.Kf2 Ra3
63.Ra6 g5 64.Ra7+ Ke6 65.a5 g4 66.a6 Rf3+ 67.Kg2 Kxe5 68.Rb7 f5 69.Rb5+ Kf4
70.Rb4+ Ke3 71.Rb3+ Ke2 72.Rb2+ Ke1 73.Rb1+ Ke2 74.Ra1 f4 75.Ra2+ Ke1 76.a7
Rg3+ 77.Kh1 Rh3+ 78.Kg1 Rg3+ 79.Kh1 Rh3+ 80.Kg1 Rg3+ 81.Kh1 1/2-1/2

[Event "Preferente"]
[Site ""]
[Date "????.??.??"]
[Round "1.14"]
[White "GINÉS Pedro Antonio"]
[Black "ARJOL Daniel"]
[Result "1-0"]
[WhiteElo "2009"]
[BlackElo "1878"]

1.d4 d5 2.Nf3 Nf6 3.c4 e6 4.Nc3 c6 5.e3 Bd6 6.Bd3 dxc4 7.Bxc4 b5 8.Bd3 Nbd7 9.
O-O O-O 10.Qe2 a6 11.Rd1 Qe7 12.a4 Bb7 13.e4 e5 14.Bg5 exd4 15.Nxd4 Qe5 16.Nf3
Qe7 17.Bc2 b4 18.Nb1 Ne5 19.Nd4 Bc5 20.Nf5 Qe6 21.Be3 Bxe3 22.Qxe3 Nc4 23.Qg5
g6 24.b3 Qe5 25.Nd2 h6 26.Nxc4 hxg5 27.Nxe5 gxf5 28.exf5 Rfe8 29.Nc4 Nd5 30.
Nd6 Re7 31.Nxb7 Rxb7 32.Be4 Rd8 33.Bxd5 cxd5 34.Rd4 a5 35.g4 Rc7 36.Rad1 Rc3
37.Rxd5 Rxd5 38.Rxd5 Rxb3 39.Rxa5 Ra3 40.f6 Kh8 41.Kg2 b3 42.h3 Kh7 43.Rxg5
Rxa4 44.Rb5 Ra3 45.h4 Kg6 46.Rb6 b2 47.Rxb2 Kxf6 48.Rb5 Ra6 49.Kg3 Kg6 50.f3
Ra1 51.Rb6+ Kg7 52.h5 f5 53.g5 Rh1 54.h6+ Kh7 55.Rb7+ Kh8 56.Kf4 Rf1 57.g6 1-0

[Event "Preferente"]
[Site ""]
[Date "????.??.??"]
[Round "1.15"]
[White "SORIANO Manuel"]
[Black "GOÑI Pablo"]
[Result "0-1"]
[WhiteElo "1871"]
[BlackElo "2008"]

1.e4 c5 2.Nf3 e6 3.d4 cxd4 4.Nxd4 Nc6 5.Nc3 Qc7 6.Be3 a6 7.Be2 Nf6 8.O-O b5 9.
Nxc6 dxc6 10.Bf3 Be7 11.Qe2 O-O 12.Rfd1 e5 13.Rd3 a5 14.Qe1 a4 15.Ne2 Be6 16.
Ng3 c5 17.c3 a3 18.Qc1 Rfc8 19.Rd2 g6 20.b3 Ng4 21.Bxg4 Bxg4 22.f3 Be6 23.Qc2
Rd8 24.Rad1 Rxd2 25.Rxd2 h5 26.Kf1 h4 27.Ne2 Qc6 28.h3 f5 29.Nc1 Rf8 30.Rf2
Qc7 31.Bh6 Rf7 32.Be3 Rf8 33.Kg1 Qc8 34.Re2 Kg7 35.Qd2 Rd8 36.Qc2 g5 37.Nd3
Qc7 38.Nc1 Rf8 39.Qd2 Rd8 40.Qc2 Kg6 41.Rd2 Rh8 42.Qd1 fxe4 43.fxe4 Qc6 44.Qc2
Rf8 45.Rf2 Rd8 46.Rd2 Rf8 47.Rf2 Rh8 48.Nd3 Qc7 49.Nc1 Bc8 50.Qe2 c4 51.b4 Qc6
52.Bd2 Bb7 53.Qe3 Qxe4 54.Qb6+ Qc6 55.Qa7 Rf8 0-1

[Event "Preferente"]
[Site ""]
[Date "????.??.??"]
[Round "1.16"]
[White "CIRIANO Alejandro"]
[Black "NAVARRO Jesús"]
[Result "1-0"]
[WhiteElo "1990"]
[BlackElo "1850"]

1.d4 Nf6 2.c4 c5 3.e3 e6 4.Nc3 d5 5.Nf3 a6 6.dxc5 Bxc5 7.a3 O-O 8.b4 Be7 9.c5
b6 10.cxb6 Qxb6 11.Be2 Nbd7 12.Bb2 Bb7 13.O-O Rfc8 14.Na4 Qd8 15.Qd4 Bf8 16.
Bd3 Bc6 17.Nc3 Qb6 18.Qh4 e5 19.Bf5 g6 20.Bxd7 Nxd7 21.Rfd1 d4 22.exd4 Bxf3
23.gxf3 Bg7 24.Nd5 Qd8 25.Qxd8+ Rxd8 26.Ne7+ Kf8 27.Nc6 Re8 28.dxe5 Nxe5 29.
Nxe5 Bxe5 30.Bxe5 Rxe5 31.Kf1 a5 32.Rac1 axb4 33.axb4 Ra2 34.Re1 Rd5 35.Re2
Ra3 36.Rb2 Rh5 37.b5 Ra7 38.b6 Rb7 39.Rc7 Rb8 40.b7 Re5 41.Ra2 Ree8 42.Re2
Rxe2 43.Kxe2 Kg7 44.Kd3 Kf6 45.Kd4 Ke6 46.Kc5 h5 47.Kc6 Rd8 48.Rc8 1-0

[Event "Preferente"]
[Site ""]
[Date "????.??.??"]
[Round "1.17"]
[White "SERRAT David"]
[Black "ROQUE José Luis"]
[Result "1/2-1/2"]
[WhiteElo "1820"]
[BlackElo "1988"]

1.e4 e6 2.d4 d5 3.Bd3 dxe4 4.Bxe4 Nf6 5.Bf3 c5 6.Ne2 Nc6 7.Be3 Bd7 8.Nbc3 cxd4
9.Nxd4 Bb4 10.Nxc6 Bxc6 11.Bxc6+ bxc6 12.O-O Qc7 13.Qf3 O-O 14.Rfd1 Bxc3 15.
bxc3 Rfd8 16.c4 Qe5 17.Rxd8+ Rxd8 18.Rd1 Rxd1+ 19.Qxd1 h6 20.h3 Qa5 21.Qa1 Kh7
22.Bd4 Ne8 23.Qb2 c5 24.Be3 Nf6 25.c3 Qc7 26.Qc2+ Kg8 27.Qd3 Nd7 28.Qe4 Nb6
29.Qg4 Qe5 30.Qf4 Qxf4 31.Bxf4 Nd7 32.Bd6 f6 33.Bf4 Kf7 34.Kf1 e5 35.Be3 Ke6
36.Ke2 Kd6 37.f3 f5 38.Bf2 Nf8 39.g4 fxg4 40.fxg4 Ne6 41.Ke3 g6 42.Bg3 a6 43.
h4 Nf8 44.Ke4 Nd7 45.a3 Ke6 46.g5 hxg5 47.hxg5 Nb6 48.Bxe5 Nxc4 49.Bg7 Nxa3
50.Bf8 Nb5 51.Bxc5 Nxc3+ 52.Kd3 Kd5 53.Be7 Ne4 54.Bd8 Ke5 55.Kc4 Kf5 56.Kb4
Nxg5 57.Ka5 Ne6 58.Be7 Nc7 59.Bd8 Nd5 60.Kxa6 Nf6 61.Kb5 g5 62.Kc4 g4 63.Kd3
Nd5 64.Ke2 Kf4 65.Bh4 Ne3 66.Bd8 Nd5 67.Bh4 Nc3+ 68.Kf2 Nd1+ 69.Ke2 Nc3+ 70.
Kf2 Ne4+ 71.Kg2 Nd6 72.Bg3+ 1/2-1/2

[Event "Preferente"]
[Site ""]
[Date "????.??.??"]
[Round "1.18"]
[White "GUTIÉRREZ José Antonio"]
[Black "MONTES Diego"]
[Result "1-0"]
[WhiteElo "1983"]
[BlackElo "1819"]

1.e4 e5 2.d4 exd4 3.Qxd4 Nc6 4.Qd3 Nf6 5.Nc3 Bb4 6.Bd2 O-O 7.O-O-O Re8 8.Qg3
d6 9.f4 Nh5 10.Qf3 Nf6 11.Re1 Nd4 12.Qd3 Ne6 13.Qg3 Nh5 14.Qf3 Bxc3 15.Bxc3
Nhxf4 16.h4 Ng6 17.Qg3 Bd7 18.Nf3 f6 19.Bc4 Kh8 20.h5 Ne5 21.Nxe5 dxe5 22.h6
g6 23.Bxe5 b5 24.Rhf1 Kg8 25.Bxf6 Qc8 26.Bb3 c5 27.Bd5 Bc6 28.Qd6 Bxd5 29.exd5
Nd4 30.Re7 Nf5 31.Rxf5 Qxf5 32.Rg7+ Kh8 33.Rxh7+ Kxh7 34.Qc7+ Kxh6 35.Qg7+ Kh5
36.Qh7+ Kg4 37.Qh3+ 1-0

[Event "Preferente"]
[Site ""]
[Date "????.??.??"]
[Round "1.19"]
[White "LEBRÓN José María"]
[Black "SANCHO Jesús"]
[Result "0-1"]
[WhiteElo "1818"]
[BlackElo "1978"]

1.e4 e5 2.Nf3 Nf6 3.Nc3 Nc6 4.d4 exd4 5.Nxd4 Bb4 6.Nxc6 bxc6 7.Bd3 d5 8.exd5
cxd5 9.O-O O-O 10.Bg5 c6 11.Qf3 Be7 12.h3 h6 13.Bh4 Rb8 14.b3 Rb4 15.Bg3 Bd6
16.a3 Rb8 17.Rae1 Be6 18.Re2 Bxg3 19.Qxg3 c5 20.Rd2 Qa5 21.Rfd1 c4 22.bxc4
dxc4 23.Be4 Qxa3 24.Qe5 Rfe8 25.Nb5 Qa5 26.Qc7 0-1

[Event "Preferente"]
[Site ""]
[Date "????.??.??"]
[Round "1.20"]
[White "BROSA Jesús"]
[Black "TORCAL Alfonso"]
[Result "1-0"]
[WhiteElo "1977"]
[BlackElo "1728"]

1.Nf3 Nf6 2.g3 g6 3.Bg2 Bg7 4.O-O O-O 5.c4 c6 6.d4 d5 7.b3 Nbd7 8.Nc3 dxc4 9.
bxc4 e6 10.e4 Nb6 11.Qd3 c5 12.Ba3 cxd4 13.Bxf8 Bxf8 14.Nb5 Bc5 15.e5 Ne8 16.
Rfd1 Na4 17.Qc2 Qa5 18.Nbxd4 Bd7 19.Nb3 Qc7 20.Nxc5 Nxc5 21.Rd4 Bc6 22.Qe2 Nd7
23.Re1 Rc8 24.Nd2 Qb6 25.Nb3 Ba4 26.Qe3 Qb4 27.Rc1 Nc7 28.c5 Qa3 29.Bxb7 Rb8
30.c6 Bxb3 31.cxd7 1-0

[Event "Preferente"]
[Site ""]
[Date "????.??.??"]
[Round "1.21"]
[White "URRIOLABEITIA Ander"]
[Black "MOMBIELA José Luis"]
[Result "0-1"]
[WhiteElo "1695"]
[BlackElo "1976"]

1.e4 d5 2.exd5 Nf6 3.Bc4 Bg4 4.Ne2 Nxd5 5.O-O e6 6.Qe1 Nc6 7.Nbc3 Be7 8.d3 Bf5
9.Nf4 Nxc3 10.Qxc3 Bf6 11.Qe1 Nd4 12.Qb4 a5 13.Qxb7 Rb8 14.Qa7 Nxc2 15.Rb1 c6
16.Bd2 Be5 17.Rfd1 Nd4 18.Be3 Qd6 19.g3 O-O 20.Bxd4 Bxd4 21.Qxa5 Bg4 22.Rd2 e5
23.Ne2 Ra8 24.Ba6 c5 25.Nxd4 cxd4 0-1

[Event "Preferente"]
[Site ""]
[Date "????.??.??"]
[Round "2.1"]
[White "SANCHO Jesús"]
[Black "CARRUEZ Santiago"]
[Result "1-0"]
[WhiteElo "1978"]
[BlackElo "2082"]

1.e4 e6 2.d4 d5 3.Nc3 Bb4 4.e5 c5 5.a3 Bxc3+ 6.bxc3 Ne7 7.Qg4 O-O 8.Bd3 Nbc6
9.Qh5 Ng6 10.Nf3 Qc7 11.Be3 c4 12.Bxg6 fxg6 13.Qg4 Qf7 14.Ng5 Qe8 15.h4 Bd7
16.Kd2 b5 17.h5 h6 18.Nh3 gxh5 19.Qe2 a5 20.Nf4 b4 21.Nxh5 bxc3+ 22.Kxc3 Rf7
23.Bxh6 gxh6 24.Qe3 Qf8 25.Nf6+ Rxf6 26.exf6 e5 27.Qg3+ Kh7 28.Rxh6+ Qxh6 29.
Rh1 exd4+ 30.Kb2 c3+ 31.Ka2 Nb4+ 32.axb4 axb4+ 33.Kb3 1-0

[Event "Preferente"]
[Site ""]
[Date "????.??.??"]
[Round "2.3"]
[White "PALACIOS Pablo"]
[Black "BROSA Jesús"]
[Result "1-0"]
[WhiteElo "2021"]
[BlackElo "1977"]

1.e4 d6 2.d4 g6 3.Nc3 Bg7 4.Bg5 c6 5.Qd2 Qa5 6.Nf3 Bg4 7.Be2 Nd7 8.h3 Bxf3 9.
Bxf3 O-O-O 10.O-O Ngf6 11.Rfb1 c5 12.Be3 e5 13.dxc5 dxc5 14.a3 Nb8 15.Qe1 Nfd7
16.b4 Qa6 17.bxc5 Bf8 18.Be2 Qe6 19.Na4 Nc6 20.Qc3 f5 21.Qb2 1-0

[Event "Preferente"]
[Site ""]
[Date "????.??.??"]
[Round "2.4"]
[White "MOMBIELA José Luis"]
[Black "JIMÉNEZ Alejandro"]
[Result "1/2-1/2"]
[WhiteElo "1976"]
[BlackElo "2015"]

1.c4 e5 2.g3 Nc6 3.Bg2 g6 4.Nc3 Bg7 5.d3 d6 6.e4 f5 7.Nge2 Nf6 8.O-O O-O 9.Nd5
Nxd5 10.cxd5 Ne7 11.Qb3 Kh8 12.Be3 c5 13.f4 fxe4 14.dxe4 b6 15.Rf2 Qd7 16.Qd3
a5 17.a4 Ba6 18.Qd2 Bxe2 19.Qxe2 Rab8 20.Bf1 Ng8 21.Qc2 Nf6 22.h3 Rbe8 23.f5
Qf7 24.Bb5 Re7 25.Raf1 gxf5 26.Rxf5 Qg6 27.Qg2 h6 28.g4 Nh7 29.h4 Bf6 30.g5
Rg7 31.R1f3 Rfg8 32.Rg3 Be7 33.Bd7 Nf8 34.Bb5 Nh7 35.Bd7 Nf8 36.Bb5 Nh7
1/2-1/2

[Event "Preferente"]
[Site ""]
[Date "????.??.??"]
[Round "2.5"]
[White "TORCAL Óscar"]
[Black "GINÉS Pedro Antonio"]
[Result "0-1"]
[WhiteElo "1969"]
[BlackElo "2009"]

1.e4 c6 2.d4 d5 3.Nd2 dxe4 4.Nxe4 Bf5 5.Ng3 Bg6 6.Nf3 e6 7.Ne5 Nd7 8.Nxg6 hxg6
9.Bd3 Ngf6 10.Ne4 Qc7 11.h3 Nxe4 12.Bxe4 Nf6 13.Bd3 O-O-O 14.Be3 e5 15.dxe5
Qxe5 16.Qe2 Bb4+ 17.Bd2 Bxd2+ 18.Kxd2 Rxd3+ 19.Qxd3 Rd8 20.Qxd8+ Kxd8 21.Rhe1
Qd4+ 22.Ke2 Qxb2 23.Rad1+ Nd5 24.Rd2 Qxa2 25.Red1 Qc4+ 26.Ke1 a5 0-1

[Event "Preferente"]
[Site ""]
[Date "????.??.??"]
[Round "2.6"]
[White "GOÑI Pablo"]
[Black "ANTOÑANO Avelino"]
[Result "1-0"]
[WhiteElo "2008"]
[BlackElo "1970"]

1.Nf3 e6 2.c4 f5 3.g3 Nf6 4.Bg2 d5 5.d4 c6 6.O-O Bd6 7.Nc3 O-O 8.Rb1 Bd7 9.Qc2
a5 10.a3 Na6 11.c5 Bc7 12.b4 axb4 13.axb4 b6 14.cxb6 Bxb6 15.Na4 Bc7 16.Ne5
Bd6 17.Nc5 Nxc5 18.bxc5 Bxe5 19.dxe5 Ne8 20.f3 Nc7 21.e4 fxe4 22.fxe4 Rxf1+
23.Bxf1 Be8 24.Rb6 dxe4 25.Qxe4 Bg6 26.Qc4 Ra1 27.Qc3 Rb1 28.Rxb1 Bxb1 29.Bb2
Qd1 30.Qd4 Qxd4+ 31.Bxd4 Kf7 32.Kf2 Ke7 33.Be3 Bc2 34.h4 Be4 35.Be2 Nd5 36.Bc4
Nxe3 37.Kxe3 Bd5 38.Bd3 h6 39.Bg6 Bg2 40.Kf4 Bd5 41.Bd3 Bg2 42.Kg4 Bh1 43.Kh5
Kf7 44.g4 Bd5 45.Be2 Be4 46.g5 Bg6+ 47.Kg4 h5+ 48.Kf4 Ke7 49.Ke3 Kd7 50.Kd4
Kc7 51.Kc4 Kb7 52.Kb4 Bf7 53.g6 Bxg6 54.Kc4 Kc7 55.Kd4 Kd8 56.Ke3 Ke7 57.Kf4
Bf5 58.Bxh5 g6 59.Bf3 Kd7 60.Kg5 {Tiempo} 1-0

[Event "Preferente"]
[Site ""]
[Date "????.??.??"]
[Round "2.7"]
[White "MUÑOZ Luis Alberto"]
[Black "CIRIANO Alejandro"]
[Result "1/2-1/2"]
[WhiteElo "1951"]
[BlackElo "1990"]

1.f4 c5 2.Nf3 Nc6 3.e3 g6 4.Be2 Bg7 5.O-O d6 6.d3 Nf6 7.Nbd2 Ng4 8.Ne4 f5 9.
Nf2 Nf6 10.c3 e5 11.e4 Qe7 12.Qc2 Be6 13.Bd2 h6 14.Rae1 O-O-O 15.d4 fxe4 16.
Nxe4 Nxe4 17.Qxe4 Bf5 18.Qd5 e4 19.Bb5 Qc7 20.g4 Bxg4 21.Rxe4 Rhf8 22.Bxc6
bxc6 23.Qc4 g5 24.Qe2 d5 25.Re7 Rd7 26.Rxd7 Qxd7 27.Qa6+ Kb8 28.Ne5 Bxe5 29.
fxe5 Rxf1+ 30.Qxf1 cxd4 31.cxd4 Bf5 32.Bb4 Kb7 33.Bc5 Be4 34.Qd1 Ka8 35.Qe2
Qh3 36.b4 Bf3 37.Qf2 Qg4+ 38.Kf1 Qe4 39.Kg1 Qg4+ 40.Kf1 Qf5 41.e6 Qb1+ 42.Qe1
Qxa2 43.Qf2 Qb1+ 44.Qe1 Bg2+ 45.Kf2 Qxe1+ 46.Kxe1 Bh3 47.e7 Bd7 48.Kf2 Kb7 49.
Kg3 h5 50.Kf2 a6 51.Ke3 Kc8 52.Bd6 Be8 53.Be5 Kd7 54.Bf6 g4 55.Kf4 Ke6 56.Bh4
Bd7 57.Bg5 Be8 58.Bh4 1/2-1/2

[Event "Preferente"]
[Site ""]
[Date "????.??.??"]
[Round "2.8"]
[White "ECHARTE Óscar"]
[Black "PALOMAR Santiago"]
[Result "0-1"]
[WhiteElo "2131"]
[BlackElo "1957"]

1.c4 b6 2.e4 Bb7 3.Nc3 e5 4.Nf3 Nc6 5.d4 exd4 6.Nxd4 Bb4 7.Be3 Nf6 8.f3 Bxc3+
9.bxc3 O-O 10.Bd3 d6 11.O-O Ne7 12.Qe2 c5 13.Nc2 Ng6 14.Rad1 Bc8 15.Qd2 Qe7
16.Bf2 Nh5 17.g3 Bh3 18.Rfe1 Ne5 19.Be2 Qf6 20.f4 Ng4 21.Ne3 Nxf2 22.Kxf2 Nxf4
23.gxf4 Qxf4+ 24.Kg1 Rae8 25.Bd3 Re6 26.Ng2 Qg4 27.Re2 Rf6 28.Rf1 Rxf1+ 29.
Kxf1 Re8 30.Ke1 f5 31.exf5 Rxe2+ 32.Bxe2 Qxg2 33.Qxd6 Qg1+ 34.Kd2 Qg5+ 35.Kd1
Qg1+ 36.Kd2 Qg5+ 37.Kd1 Qxf5 38.Qb8+ Kf7 39.Qxa7+ Qd7+ 40.Qxd7+ Bxd7 41.Kd2
Kf6 42.Ke3 Bc6 43.Bd3 h5 44.h4 g5 45.Be2 gxh4 46.Kf4 Be8 47.Bf3 Bf7 48.a3 Bxc4
49.Bxh5 Bf1 50.Bd1 Bg2 {Tiempo} 0-1

[Event "Preferente"]
[Site ""]
[Date "????.??.??"]
[Round "2.9"]
[White "GINÉS Pedro"]
[Black "MARTÍN Roberto"]
[Result "1-0"]
[WhiteElo "2040"]
[BlackElo "1967"]

1.d4 Nf6 2.Nf3 g6 3.c4 Bg7 4.Nc3 O-O 5.e4 d6 6.Be3 e5 7.dxe5 dxe5 8.Qxd8 Rxd8
9.Nd5 Nxd5 10.cxd5 c6 11.Bc4 h6 12.O-O-O Bg4 13.h3 Bxf3 14.gxf3 cxd5 15.Bxd5
Nc6 16.Bxc6 bxc6 17.Rxd8+ Rxd8 18.Rd1 Rxd1+ 19.Kxd1 a6 20.Kc2 Kf8 21.Kb3 f5
22.Kb4 Ke8 23.Ka5 Bf8 24.b4 fxe4 25.fxe4 Kd7 26.Bc5 Bg7 27.Kxa6 Kc7 28.a4 Bf6
29.b5 1-0

[Event "Preferente"]
[Site ""]
[Date "????.??.??"]
[Round "2.10"]
[White "BAQUEDANO Pablo"]
[Black "SÁNCHEZ Roberto"]
[Result "1-0"]
[WhiteElo "1911"]
[BlackElo "2030"]

1.d4 Nf6 2.c4 d6 3.Nc3 Nbd7 4.e4 e5 5.Nf3 c6 6.Be2 Qc7 7.O-O g6 8.d5 c5 9.Qc2
a6 10.Ne1 Bg7 11.Nd3 h5 12.Re1 Ng4 13.h3 Nh6 14.Bf1 f6 15.f4 Nf7 16.a3 Bh6 17.
Qf2 Bg7 18.Qg3 Nf8 19.Be3 b6 20.Rac1 Qd8 21.b4 g5 22.f5 g4 23.hxg4 h4 24.Qf3
Bh6 25.Nf2 Bxe3 26.Qxe3 Ng5 27.Nh3 Nfh7 28.Bd3 Ke7 29.Bc2 Nxh3+ 30.gxh3 Ng5
31.Kh2 a5 32.bxc5 bxc5 33.Ba4 Rb8 34.Rb1 Ba6 35.Bb5 Bb7 36.Ba4 Ba6 37.Bb5 Bb7
38.Re2 Qc7 39.Reb2 Rhd8 40.Rb3 Bc8 41.Qe2 Rb6 42.Kg2 Rb8 43.Qb2 Qa7 44.Qc2 Rh8
45.Ne2 Rb6 46.Ng1 Kd8 47.Nf3 Qg7 48.Nxg5 Qxg5 49.Qc1 Qxc1 50.Rxc1 Rg8 51.Kf3
Kc7 52.Rb2 Rg5 53.Rcb1 Bb7 54.Ke3 Bc8 55.Kd3 Rb8 56.Kc3 Bb7 57.Bc6 1-0

[Event "Preferente"]
[Site ""]
[Date "????.??.??"]
[Round "2.11"]
[White "ROQUE Gisela"]
[Black "FABRE José María"]
[Result "0-1"]
[WhiteElo "1901"]
[BlackElo "2027"]

1.c4 e6 2.Nf3 d5 3.d4 Nf6 4.g3 dxc4 5.Qa4+ c6 6.Qxc4 b5 7.Qc2 Bb7 8.Bg2 Nbd7
9.Nc3 Qb6 10.O-O c5 11.Rd1 Rc8 12.Qd2 b4 13.Na4 Qc6 14.Nxc5 Nxc5 15.dxc5 Bxc5
16.e3 O-O 17.Qe1 Ng4 18.Nh4 Qb6 19.Nf3 e5 20.b3 Rfe8 21.Bb2 Bxe3 22.fxe3 Nxe3
23.Qf2 Nxg2 24.Qxb6 axb6 25.Nxe5 Ne3 26.Rd2 f6 27.Nd7 Nd5 28.Rxd5 Bxd5 29.Nxb6
Rcd8 30.Nxd5 Rxd5 31.a4 bxa3 32.Bxa3 Ra8 33.b4 Rd3 0-1